History of Indian education/ (Record no. 11749)

MARC details
000 -LEADER
fixed length control field 00565nam a22002057a 4500
005 - DATE AND TIME OF LATEST TRANSACTION
control field 20240221121326.0
008 - FIXED-LENGTH DATA ELEMENTS--GENERAL INFORMATION
fixed length control field 240221b ||||| |||| 00| 0 eng d
020 ## - INTERNATIONAL STANDARD BOOK NUMBER
International Standard Book Number 9789358494822
040 ## - CATALOGING SOURCE
Original cataloging agency IN-DiNC
Transcribing agency IN-DiNC
041 ## - LANGUAGE CODE
Language code of sung or spoken text English
082 ## - DEWEY DECIMAL CLASSIFICATION NUMBER
Classification number 370.54
Item number DEK
100 ## - MAIN ENTRY--PERSONAL NAME
Personal name Deka, Nabanita
Relator term Author
245 ## - TITLE STATEMENT
Title History of Indian education/
Statement of responsibility, etc. by Nabanita Deka and Parthana Bhagabati
250 ## - EDITION STATEMENT
Edition statement 1st ed.
260 ## - PUBLICATION, DISTRIBUTION, ETC.
Place of publication, distribution, etc. Dibrugarh:
Name of publisher, distributor, etc. Banalata,
Date of publication, distribution, etc. 2023.
300 ## - PHYSICAL DESCRIPTION
Extent 324p.
650 ## - SUBJECT ADDED ENTRY--TOPICAL TERM
Topical term or geographic name entry element Indian education
700 ## - ADDED ENTRY--PERSONAL NAME
Personal name Bhagabati, Parthana
Relator term Author
942 ## - ADDED ENTRY ELEMENTS (KOHA)
Source of classification or shelving scheme Dewey Decimal Classification
Koha item type Books
Holdings
Withdrawn status Lost status Source of classification or shelving scheme Damaged status Not for loan Collection code Home library Current library Shelving location Date acquired Cost, normal purchase price Total Checkouts Full call number Barcode Date last seen Date last checked out Copy number Price effective from Koha item type
    Dewey Decimal Classification     Education Central Library, Naharkatiya College Central Library, Naharkatiya College General Stacks 21/02/2024 400.00 3 370.54 DEK 29957 26/03/2025 08/03/2025 1 21/02/2024 Books
    Dewey Decimal Classification     Education Central Library, Naharkatiya College Central Library, Naharkatiya College General Stacks 21/02/2024 400.00 4 370.54 DEK 29958 24/04/2026 09/02/2026 2 21/02/2024 Books
    Dewey Decimal Classification     Education Central Library, Naharkatiya College Central Library, Naharkatiya College General Stacks 21/02/2024 400.00 7 370.54 DEK 29959 02/03/2026 09/02/2026 3 21/02/2024 Books

Naharkatiya College © 2020. All rights reserved.

Powered By